000 00335nam a2200133Ia 4500
005 20260328101455.0
008 260328s9999||||xx |||||||||||||| ||und||
100 _aGullberg, Jan
245 0 _aMathematics :
_b From the birth of numbres /
_cJan Gullberg
260 _bNorton
300 _a1093 p.
650 _aMATEMÁTICAS
942 _cBK
999 _c8808
_d8808